MARC details
| 000 -LEADER |
| campo de control de longitud fija |
03894cam a22004818i 4500 |
| 001 - NÚMERO DE CONTROL |
| campo de control |
24129906 |
| 003 - IDENTIFICADOR DE NÚMERO DE CONTROL |
| campo de control |
BJBSDDR |
| 005 - FECHA Y HORA DE LA ÚLTIMA TRANSACCIÓN |
| campo de control |
20260421162857.0 |
| 006 - CÓDIGOS DE INFORMACIÓN DE LONGITUD FIJA--CARACTERÍSTICAS DEL MATERIAL ADICIONAL |
| campo de control de longitud fija |
a|||||r|||| 00| 0 |
| 007 - CAMPO FIJO DE DESCRIPCIÓN FÍSICA--INFORMACIÓN GENERAL |
| campo de control de longitud fija |
ta |
| 008 - DATOS DE LONGITUD FIJA--INFORMACIÓN GENERAL |
| campo de control de longitud fija |
250328s2025 ilu rb 001 0 eng c |
| 010 ## - NÚMERO DE CONTROL DE LA BIBLIOTECA DEL CONGRESO |
| Número de control de LC |
2025013854 |
| 020 ## - NÚMERO INTERNACIONAL ESTÁNDAR DEL LIBRO |
| Número Internacional Estándar del Libro |
9780226835204 |
| Información calificativa |
cloth |
| 020 ## - NÚMERO INTERNACIONAL ESTÁNDAR DEL LIBRO |
| ISBN cancelado o inválido |
9780226835211 |
| Información calificativa |
ebook |
| 035 ## - NÚMERO DE CONTROL DEL SISTEMA |
| Número de control de sistema |
(DLC)24129906 |
| 040 ## - FUENTE DE CATALOGACIÓN |
| Centro catalogador/agencia de origen |
ICU/DLC |
| Lengua de catalogación |
eng |
| Normas de descripción |
rda |
| Centro/agencia transcriptor |
DLC |
| Centro/agencia modificador |
ICU/DLC |
| -- |
DLC-MRC |
| 041 ## - CÓDIGO DE IDIOMA |
| Código de lengua del texto/banda sonora o título independiente |
eng |
| 042 ## - CÓDIGO DE AUTENTICACIÓN |
| Código de autenticación |
pcc |
| 043 ## - CÓDIGO DE ÁREA GEOGRÁFICA |
| Código de área geográfica |
n-us--- |
| Número de control del registro de autoridad o número normalizado |
http://id.loc.gov/vocabulary/geographicAreas/n-us |
| 050 00 - SIGNATURA TOPOGRÁFICA DE LA BIBLIOTECA DEL CONGRESO |
| Número de clasificación |
HJ2381 |
| Número de ítem |
.M183s 2025 |
| 082 00 - NÚMERO DE LA CLASIFICACIÓN DECIMAL DEWEY |
| Número de clasificación |
336.200973 |
| Número de edición |
23/eng/20250609 |
| 100 1# - ENTRADA PRINCIPAL--NOMBRE DE PERSONA |
| Nombre de persona |
Madoff, Ray D., |
| Fechas asociadas al nombre |
1958- |
| Término indicativo de función/relación |
author |
| Relación |
aut |
| -- |
http://id.loc.gov/vocabulary/relators/aut |
| Número de control del registro de autoridad o número normalizado |
http://id.loc.gov/authorities/names/no2002011832 |
| URI de un objeto del mundo real |
http://id.loc.gov/rwo/agents/no2002011832 |
| 9 (RLIN) |
48052 |
| 245 14 - MENCIÓN DEL TÍTULO |
| Título |
The second estate : |
| Resto del título |
how the tax code made an American aristocracy / |
| Mención de responsabilidad, etc. |
Ray D. Madoff. |
| 263 ## - FECHA PROYECTADA DE PUBLICACIÓN |
| Fecha proyectada de publicación |
2510 |
| 264 #1 - PRODUCCIÓN, PUBLICACIÓN, DISTRIBUCIÓN, FABRICACIÓN Y COPYRIGHT |
| Producción, publicación, distribución, fabricación y copyright |
Chicago : |
| Nombre del de productor, editor, distribuidor, fabricante |
The University of Chicago Press, |
| Fecha de producción, publicación, distribución, fabricación o copyright |
2025. |
| 300 ## - DESCRIPCIÓN FÍSICA |
| Extensión |
xvi, 223 pages : |
| Otras características físicas |
223 p. : illustrations ; |
| Dimensiones |
23 cm |
| 336 ## - TIPO DE CONTENIDO |
| Término de tipo de contenido |
text |
| Código de tipo de contenido |
txt |
| Fuente |
rdacontent |
| Número de control del registro de autoridad o número normalizado |
http://id.loc.gov/vocabulary/contentTypes/txt |
| 337 ## - TIPO DE MEDIO |
| Nombre/término del tipo de medio |
unmediated |
| Código del tipo de medio |
n |
| Fuente |
rdamedia |
| Número de control del registro de autoridad o número normalizado |
http://id.loc.gov/vocabulary/mediaTypes/n |
| 338 ## - TIPO DE SOPORTE |
| Nombre/término del tipo de soporte |
volume |
| Código del tipo de soporte |
nc |
| Fuente |
rdacarrier |
| Número de control del registro de autoridad o número normalizado |
http://id.loc.gov/vocabulary/carriers/nc |
| 504 ## - NOTA DE BIBLIOGRAFÍA, ETC. |
| Nota de bibliografía, etc. |
Includes bibliographical references and index. |
| 505 0# - NOTA DE CONTENIDO CON FORMATO |
| Nota de contenido con formato |
The President and the Billionaire -- The Tax-Avoidance Playbook -- Jubilee -- The Myth of Nonpayers -- The I in Philanthropy -- Our Common Wealth. |
| 520 ## - RESUMEN, ETC. |
| Sumario, etc. |
"A revelatory book that lifts the curtain on America's most consequential public deception: how the rich get richer using tools the government gave them. Amid conflicting narratives about the drivers of wealth and inequality in the United States, one constant hovers in the background: the US tax code. No political force has been more consequential-or more utterly opaque-than the 7,000-page document that details who pays what in American society and government. Most of us have a sense that it's an unfair system. But does anyone know exactly how it's unfair? Legal scholar Ray D. Madoff knows. In The Second Estate, she offers an unprecedented look behind the scenes of America's byzantine system of taxation, laying bare not only its capacity to consolidate wealth but also the mechanisms by which it has created two fundamentally separate American societies: the working Americans who pay and the ultra-rich who benefit. This is not a story of offshore accounts or secret tax havens. In The Second Estate, Madoff shows that the US system itself has, over time, been stripped and reconstituted such that it now offers a series of secret paths, hidden in plain sight, for wealthy people in the know to avoid taxation altogether. Through the strategic avoidance of traditional income, leveraging of investments and debt, and exploitation of rules designed to promote charitable giving, America's wealthy do more than just pay less than their share; they remove themselves from the tax system entirely. Wealth becomes its own sovereign state, and the living is surprisingly-and maddeningly-cheap"-- Provided by publisher. |
| 650 #0 - PUNTO DE ACCESO ADICIONAL DE MATERIA--TÉRMINO DE MATERIA |
| Término de materia o nombre geográfico como elemento de entrada |
Taxation |
| Subdivisión geográfica |
United States |
| Número de control del registro de autoridad o número normalizado |
http://id.loc.gov/authorities/subjects/sh85132861 |
| 650 #0 - PUNTO DE ACCESO ADICIONAL DE MATERIA--TÉRMINO DE MATERIA |
| Término de materia o nombre geográfico como elemento de entrada |
Tax planning |
| Subdivisión geográfica |
United States |
| Número de control del registro de autoridad o número normalizado |
http://id.loc.gov/authorities/subjects/sh2008112546 |
| 650 #0 - PUNTO DE ACCESO ADICIONAL DE MATERIA--TÉRMINO DE MATERIA |
| Término de materia o nombre geográfico como elemento de entrada |
Rich people |
| Subdivisión geográfica |
United States |
| Número de control del registro de autoridad o número normalizado |
http://id.loc.gov/authorities/subjects/sh2010111046 |
| 758 ## - IDENTIFICADOR DEL RECURSO |
| URI de un objeto del mundo real |
http://id.loc.gov/resources/instances/24129906 |
| 758 ## - IDENTIFICADOR DEL RECURSO |
| Relación |
http://id.loc.gov/ontologies/bibframe/instanceOf |
| URI de un objeto del mundo real |
http://id.loc.gov/resources/works/24129906 |
| 884 ## - Información sobre la conversión de la descripción |
| Proceso de conversión |
DLC bibframe2marc v2.10-dev |
| Fecha de conversión |
20250609 |
| Agencia que convierte los datos |
DLC |
| Identificador Uniforme de Recursos |
https://github.com/lcnetdev/bibframe2marc/releases/tag/v2.10-dev |
| 906 ## - ELEMENTOS DE DATOS F LOCAL, LDF (RLIN) |
| a |
7 |
| b |
cbc |
| c |
orignew |
| d |
1 |
| e |
ecip |
| f |
20 |
| g |
y-gencatlg |
| 942 ## - ELEMENTOS DE ENTRADA SECUNDARIOS (KOHA) |
| Fuente del sistema de clasificación o colocación |
Clasificación de Library of Congress |
| Suprimir en OPAC |
No |
| Tipo de ítem Koha |
Libro |
| 946 ## - PROCESAMIENTO DE INFORMACIÓN LOCAL (OCLC) |
| Iniciales del agente catalogador |
llh |